| 000 | 01046nam0a2200301 4500 | ||
|---|---|---|---|
| 001 | RU\NLR\bibl\2014103 | ||
| 005 | 20250616214045.0 | ||
| 010 |
_a978-5-389-02976-7 _97000 |
||
| 021 |
_aRU _b2013-16941 _91196 |
||
| 035 | _a(NLR Aleph) 002002543 | ||
| 090 |
_a4379742 _c4379742 |
||
| 100 | _a20130320d2013 |||y0rusy50 ca | ||
| 101 | 0 | _arus | |
| 102 | _aRU | ||
| 105 | _aa ||||||||| | ||
| 200 | 1 |
_aХрестоматия русской классики _iСказки русских писателей _e[для младшего школьного возраста] _fхудож. Юлия Сивец |
|
| 210 |
_aМосква [и др.] _cМахаон [и др.] _d2013 |
||
| 215 |
_a174, [1] с. _cцв. ил. _d27 |
||
| 225 | 1 | _aСерия "Хрестоматия русской классики" | |
| 686 | _aШ9(2)60=Р5-4я43 | ||
| 702 | 1 |
_aСивец _bЮ. _gЮлия _4040 |
|
| 801 | 0 |
_aRU _bNLR _c20130320 _gRCR |
|
| 801 | 1 |
_aRU _bNLR _c20130320 |
|
| 942 | _cBOOK | ||
| 980 | _aNBR | ||
| 980 | _aNB | ||